Statistics for State Profile - Arkansas

Click here to take the quiz!

General Stats

  • This quiz has been taken 36 times
  • The average score is 5 of 10

Answer Stats

Name Arkansas'... Answer % Correct
Capital CityLittle Rock
97%
Nickname (Add State)The Natural State
70%
Largest City (Besides the Capital city)Fort Smith
67%
State Song (Hint: It's a state)"Arkansas"
63%
Flag Colors (No "and" or commas required)Red, White, and Blue
43%
Year of Initiation into the U.S.1836
40%
State FlowerApple Blossom
37%
State Insect (Specifc)European Honeybee or Diana fritillary butterfly
27%
State AnimalMockingbird or White-Tailed Deer
23%
State TreeLoblolly Pine
10%

Score Distribution

Percentile by Number Answered

Percent of People with Each Score

Your Score History

You have not taken this quiz